Précis d'obstétrique / (Record no. 101438)

MARC details
000 -LEADER
campo de control de longitud fija 00642nam a2200217 i 4500
001 - NÚMERO DE CONTROL
campo de control 101438
003 - IDENTIFICADOR DE NÚMERO DE CONTROL
campo de control ES-MaACL
005 - FECHA Y HORA DE LA ÚLTIMA TRANSACCIÓN
campo de control 20250717094522.0
007 - CAMPO FIJO DE DESCRIPCIÓN FÍSICA--INFORMACIÓN GENERAL
campo de control de longitud fija t|
008 - DATOS DE LONGITUD FIJA--INFORMACIÓN GENERAL
campo de control de longitud fija 051018s1909 fr ||||1| fre d
100 1# - ENTRADA PRINCIPAL--NOMBRE DE PERSONA
Nombre de persona Maygrier, Charles.
9 (RLIN) 79374
245 10 - MENCIÓN DEL TÍTULO
Título Précis d'obstétrique /
Mención de responsabilidad, etc. par M M. Charles Maygrier et A. Schwaab.
260 ## - PUBLICACIÓN, DISTRIBUCIÓN, ETC.
Lugar de publicación, distribución, etc. Evreux (Paris) :
Nombre del editor, distribuidor, etc. [s.n.],
Fecha de publicación, distribución, etc. 1909 (
Fabricante Hérissey)
300 ## - DESCRIPCIÓN FÍSICA
Extensión 1324 p. ;
Dimensiones 18 cm.
490 1# - MENCIÓN DE SERIE
Mención de serie Collection Testut
650 #7 - PUNTO DE ACCESO ADICIONAL DE MATERIA--TÉRMINO DE MATERIA
Término de materia o nombre geográfico como elemento de entrada Obstetricia
Fuente del encabezamiento o término embne
9 (RLIN) 15676
700 1# - ENTRADA AGREGADA--NOMBRE PERSONAL
Nombre de persona Schwaab, Albert.
9 (RLIN) 104843
830 0# - PUNTO DE ACCESO ADICIONAL DE SERIE-TÍTULO UNIFORME
Título uniforme Collection Testut
9 (RLIN) 181022
852 ## - LOCALIZACIÓN
Ubicación ES-MaACL
Número de control de estantería F-2600
Holdings
Estatus retirado Estado de pérdida Estado de daño No para préstamo Biblioteca de origen Biblioteca actual Ubicación en estantería Fecha de adquisición Fuente de adquisición Total de préstamos Signatura topográfica completa Código de barras Visto por última vez Precio de reemplazo Tipo de ítem Koha
        Biblioteca del Ateneo de Madrid Biblioteca del Ateneo de Madrid Depósito 2 17/01/2008     F-2600 1105905 23/02/2023 23/02/2023 Libro impreso